LDR 00673naa#a2200169#i#450# 001 EN\\bibl\118259 005 20260417101143.5 011 ## _a1729-9187 100 ## _a20260330b2026####ek#y0engy0150####ca 102 ## _aRU 200 1# _aStudying the features of fear manifestations in long-term prisoners _eJournal article 210 1# _aUfa _cUfa Law Institute of the Ministry of Internal Affairs of Russia _d2026 215 ## _a6 с. 608 ## _aJournal article _2local 675 ## _aПсихологические исследования, опыты, эксперименты, тесты, измерения. 159.9.072 _z 700 #1 _aZautorova _gEl'vira Viktorovna 856 4# _avestnik-uyi.editorum.ru _u